| 000 | 00352nam a2200145Ia 4500 | ||
|---|---|---|---|
| 008 | 150201s1998 xx 000 0 und d | ||
| 082 |
_a610 _bS98P |
||
| 100 | _aPANDA, U.N. | ||
| 245 | _aSHORT CASES IN MEDICINE | ||
| 250 | _a3RD | ||
| 260 |
_bJAYPEE BROTHERS _aDELHI _c1998 |
||
| 300 | _a1-413 | ||
| 650 | _aMEDICINE AND DIAGNOSIS | ||
| 942 |
_2ddc _cBK _023 |
||
| 999 |
_c198 _d198 |
||